| 000 | 00710nam a2200205Ia 4500 | ||
|---|---|---|---|
| 001 | 14183 | ||
| 003 | GE_BSU | ||
| 008 | 181216s||||||||xx |||||||||||||| ||und|| | ||
| 040 | _cGE_BSU | ||
| 080 | _aპერიოდიკა | ||
| 245 | _aმოამბე. აკაკი წერეთლის სახ-ფო უნივერსიტეტი. 1(3) 2014 | ||
| 245 | _cრედ.ნ.კუტივაძე | ||
| 260 | _aქუთაისი | ||
| 260 | _c2014 | ||
| 300 | _a236გვ.26სმ. | ||
| 653 | _aაკაკი წერეთლის სახ-ფო უნივერსიტეტი | ||
| 653 | _aმოამბე | ||
| 653 | _aნაჩუქარი | ||
| 942 | _cCR | ||
| 999 |
_c47322 _d47322 |
||